Crianza familiar y empresarial de la alpaca : (Record no. 13863)

000 -CABECERA
fixed length control field 01140nam a22002177a 4500
003 - IDENTIFICADOR DEL NÚMERO DE CONTROL
control field AR-CdUCM
008 - DATOS DE LONGITUD FIJA--INFORMACIÓN GENERAL
fixed length control field 190416b ||||| |||| 00| 0 spa d
040 ## - FUENTE DE LA CATALOGACIÓN
Agencia/entidad que catalogó originalmente la obra MUNICIPALIDAD PROVINCIAL DEL CUSCO
Entidad que transcribió la catalogación BIBLIOTECA MUNICIPAL DEL CUSCO
082 ## - NÚMERO DE LA CLASIFICACIÓN DECIMAL DEWEY
No. de Clasificación 636.9
Notacion interna W29
100 ## - ENTRADA PRINCIPAL--NOMBRE DE PERSONA
Nombre Personal Crianza familiar y empresarial de la alpaca :
245 ## - MENCIÓN DE TÍTULO
Título Crianza familiar y empresarial de la alpaca :
Resto del título En las comunidades campesinas de Silco y Colca, provincias de Antabamba y Aymaraes (Apurimac) /
260 ## - PUBLICACIÓN, DISTRIBUCIÓN, ETC.
Lugar de publicación, distribución, etc. Cusco :
Nombre de la editorial, distribuidor, etc. Centro de Estudios Regionales Andinos Bartolomé de las Casas,
Fecha de publicación, distribución, etc. 1995.
300 ## - DESCRIPCIÓN FÍSICA
Nº de Páginas Extensión 129 paginas ;
Otros detalles físicos Mapas, graficos,
Dimensiones 23 cm.
505 ## - NOTA DE CONTENIDO CON FORMATO
Nota de contenido formateada Contenido :Sistema de crianza familiar de la alpaca en las comunidades de Silco y Colca --Las empresas comunales alpaqueras como estrategia de sobrevivencia en comunidades alpaqueras --Articulacion de la crianza familiar y empresarial --La empresa comunal como alternativa /
650 ## - PUNTO DE ACCESO ADICIONAL DE MATERIA--TÉRMINO DE MATERIA
Descriptor Alpacas
9 (RLIN) 19708
650 ## - PUNTO DE ACCESO ADICIONAL DE MATERIA--TÉRMINO DE MATERIA
Descriptor Auquenidos
9 (RLIN) 22127
700 ## - PUNTO DE ACCESO ADICIONAL--NOMBRE DE PERSONA
Nombre Personal Warthon Blancas, Juvenal
9 (RLIN) 32453
710 ## - PUNTO DE ACCESO ADICIONAL--NOMBRE DE ENTIDAD CORPORATIVA
Nombre corporativo (En letras Mayúsculas) Asociación Runamaqui (Apurimac)
9 (RLIN) 32454
942 ## - ELEMENTOS DE PUNTO DE ACCESO ADICIONAL (KOHA)
Fuente de clasificación
Tipo de item Libros-BMC
945 ## - PROCESAMIENTO DE INFORMACIÓN LOCAL (OCLC)
Catalogador rjall
AAAA-MM-DD - Fecha de ingreso o modificacion 2019-04-16
Holdings
Estado de retiro (separado) Fuente de clasificación o esquema de estanterías Estado dañado Ubicación Sala donde se ubica Nombre de la colección Fecha de adquisición o compra Costo, precio normal en soles Signatura topográfica Código de Barras Última vez visto (Koha) Tipo de ítem (Koha)
No     Sala Ciencias Sala Ciencias Book Cart 2019-04-16 25.00 636.9 / W29 SC0000001327 2019-04-16 Libros-BMC
No     Sala Ciencias Sala Ciencias Book Cart 2019-04-16 25.00 636.9 / W29 / e.2 SC0000001328 2019-04-16 Libros-BMC

Powered by Koha